| 000 | 00853nam a22002657a 4500 | ||
|---|---|---|---|
| 005 | 20150325143428.0 | ||
| 008 | 150325s2014 ii a frb 001 0 eng d | ||
| 020 | _a9789332902619 | ||
| 020 | _a9332902615 | ||
| 040 | _aEG-ScBUE | ||
| 082 | 0 | 0 |
_222 _a621.3692 _bCHE |
| 100 | 1 |
_aChen, Chin-Lin _937483 |
|
| 245 | 1 | 0 |
_aElements of optoelectronics and fiber optics / _cChin-Lin Chen. |
| 246 | 3 | 4 | _aElements of optoelectronics & fiber optics |
| 250 | _aIndian ed. | ||
| 260 |
_aNew Delhi : _bMcGraw Hill Education (India) Private Limited, _c2014. |
||
| 300 |
_ax, 595 p. : _bill. ; _c24 cm. |
||
| 500 | _aIncludes appendixes. | ||
| 504 | _aIncludes bibliographical references and indexes. | ||
| 650 | 0 |
_912240 _aFiber optics. |
|
| 650 | 0 |
_910806 _aOptoelectronics. |
|
| 653 |
_bENGGEN _cMarch2015 |
||
| 655 |
_vreading book _934232 |
||
| 942 | _2ddc | ||
| 999 |
_c19120 _d19092 |
||